<?xml version="1.0" encoding="UTF-8"?>
<record
    xmlns:xsi="http://www.w3.org/2001/XMLSchema-instance"
    xsi:schemaLocation="http://www.loc.gov/MARC21/slim http://www.loc.gov/standards/marcxml/schema/MARC21slim.xsd"
    xmlns="http://www.loc.gov/MARC21/slim">

  <leader>01154nam a22001937a 4500</leader>
  <controlfield tag="008">090823s2008    le|| |||r 10  100 0 ara d</controlfield>
  <datafield tag="020" ind1=" " ind2=" ">
    <subfield code="a">9789953713397</subfield>
  </datafield>
  <datafield tag="082" ind1=" " ind2=" ">
    <subfield code="2">22</subfield>
    <subfield code="b">&#x64A; &#x633; &#x627;</subfield>
    <subfield code="a">320.530974927</subfield>
  </datafield>
  <datafield tag="245" ind1=" " ind2=" ">
    <subfield code="a">:&#x627;&#x644;&#x64A;&#x633;&#x627;&#x631; &#x627;&#x644;&#x639;&#x631;&#x628;&#x649; &#x641;&#x649; &#x645;&#x648;&#x627;&#x62C;&#x647;&#x629; &#x627;&#x644;&#x639;&#x648;&#x644;&#x645;&#x629; &#x627;&#x644;&#x646;&#x64A;&#x648;&#x644;&#x64A;&#x628;&#x631;&#x627;&#x644;&#x64A;&#x629;</subfield>
    <subfield code="c">&#x646;&#x62F;&#x648;&#x629; &#x646;&#x638;&#x645;&#x647;&#x627;  &#x645;&#x631;&#x643;&#x632; &#x645;&#x647;&#x62F;&#x64A; &#x639;&#x627;&#x645;&#x644; &#x627;&#x644;&#x62B;&#x642;&#x627;&#x641;&#x64A; &#x648;&#x627;&#x644;&#x62D;&#x632;&#x628; &#x627;&#x644;&#x634;&#x64A;&#x648;&#x639;&#x64A; &#x627;&#x644;&#x644;&#x628;&#x646;&#x627;&#x646;&#x64A; &#x646;&#x647;&#x627;&#x631;&#x64A; &#x627;&#x644;&#x633;&#x628;&#x62A; &#x648;&#x627;&#x644;&#x623;&#x62D;&#x62F; &#x627;&#x644;&#x645;&#x648;&#x627;&#x641;&#x642;  &#x641;&#x64A;&#x647;&#x645;&#x627; 19 &#x648; 20 &#x623;&#x64A;&#x627;&#x631; /&#x645;&#x627;&#x64A;&#x648; 2000&#x60C; &#x642;&#x635;&#x631; &#x627;&#x644;&#x623;&#x648;&#x646;&#x64A;&#x633;&#x643;&#x648;- &#x628;&#x64A;&#x631;&#x648;&#x62A; /</subfield>
    <subfield code="b">&#x645;&#x631;&#x643;&#x632; &#x645;&#x647;&#x62F;&#x64A; &#x639;&#x627;&#x645;&#x644; &#x627;&#x644;&#x62B;&#x642;&#x627;&#x641;&#x64A;</subfield>
  </datafield>
  <datafield tag="260" ind1=" " ind2=" ">
    <subfield code="a">&#x628;&#x64A;&#x631;&#x648;&#x62A;:</subfield>
    <subfield code="b">&#x62F;&#x627;&#x631; &#x627;&#x644;&#x641;&#x627;&#x631;&#x627;&#x628;&#x649;&#x60C;2008</subfield>
    <subfield code="c">2008</subfield>
  </datafield>
  <datafield tag="300" ind1=" " ind2=" ">
    <subfield code="a">342 &#x635;&#x61B;</subfield>
    <subfield code="c">24 &#x633;&#x645;</subfield>
  </datafield>
  <datafield tag="500" ind1=" " ind2=" ">
    <subfield code="a">&#x639;&#x644;&#x649; &#x627;&#x644;&#x63A;&#x644;&#x627;&#x641;: &#x623;&#x639;&#x645;&#x627;&#x644; &#x627;&#x644;&#x646;&#x62F;&#x648;&#x629; &#x627;&#x644;&#x641;&#x643;&#x631;&#x64A;&#x629;</subfield>
  </datafield>
  <datafield tag="650" ind1=" " ind2=" ">
    <subfield code="9">13591</subfield>
    <subfield code="a">&#x627;&#x644;&#x625;&#x634;&#x62A;&#x631;&#x627;&#x643;&#x64A;&#x629;</subfield>
  </datafield>
  <datafield tag="650" ind1=" " ind2=" ">
    <subfield code="9">13590</subfield>
    <subfield code="a">&#x627;&#x644;&#x634;&#x64A;&#x648;&#x639;&#x64A;&#x629;</subfield>
  </datafield>
  <datafield tag="650" ind1=" " ind2=" ">
    <subfield code="9">8057</subfield>
    <subfield code="a">&#x627;&#x644;&#x639;&#x648;&#x644;&#x645;&#x629;</subfield>
  </datafield>
  <datafield tag="710" ind1=" " ind2=" ">
    <subfield code="9">14730</subfield>
    <subfield code="a">&#x645;&#x631;&#x643;&#x632; &#x645;&#x647;&#x62F;&#x64A; &#x639;&#x627;&#x645;&#x644; &#x627;&#x644;&#x62B;&#x642;&#x627;&#x641;&#x64A;</subfield>
  </datafield>
  <datafield tag="942" ind1=" " ind2=" ">
    <subfield code="2">ddc</subfield>
    <subfield code="c">BB</subfield>
  </datafield>
  <datafield tag="999" ind1=" " ind2=" ">
    <subfield code="c">12677</subfield>
    <subfield code="d">12677</subfield>
  </datafield>
  <datafield tag="952" ind1=" " ind2=" ">
    <subfield code="0">0</subfield>
    <subfield code="1">0</subfield>
    <subfield code="2">ddc</subfield>
    <subfield code="4">0</subfield>
    <subfield code="7">0</subfield>
    <subfield code="8">Madboly</subfield>
    <subfield code="a">MAIN</subfield>
    <subfield code="b">MAIN</subfield>
    <subfield code="c">1ST</subfield>
    <subfield code="d">2009-08-26</subfield>
    <subfield code="e">Purchase</subfield>
    <subfield code="g">60.00</subfield>
    <subfield code="h">2358</subfield>
    <subfield code="o">320.530974927 &#x64A; &#x633; &#x627;</subfield>
    <subfield code="p">000018027</subfield>
    <subfield code="r">2025-07-15 00:00:00</subfield>
    <subfield code="y">BB</subfield>
  </datafield>
</record>
